Handbook of libraries and librarians in India (Record no. 42043)

MARC details
000 -LEADER
fixed length control field 00366nam a2200133Ia 4500
020 ## - INTERNATIONAL STANDARD BOOK NUMBER
ISBN 8172333056
082 ## - DEWEY DECIMAL CLASSIFICATION NUMBER
Classification number 035:027(540)
Item number OJH
100 ## - MAIN ENTRY--AUTHOR NAME
Personal name Kothari, D V
245 #0 - TITLE STATEMENT
Title Handbook of libraries and librarians in India
260 ## - PUBLICATION, DISTRIBUTION, ETC. (IMPRINT)
Place of publication Jodhpur
Name of publisher Scientific Publishers(India)
Year of publication 2003
700 ## - ADDED ENTRY--PERSONAL NAME
Personal name Ojha, D C
942 ## - ADDED ENTRY ELEMENTS (KOHA)
Koha item type Books
Holdings
Withdrawn status Lost status Damaged status Not for loan Home library Current library Date acquired Cost, normal purchase price Full call number Accession Number Koha item type
        RRII Library RRII Library 16/12/2021 1600.00 035:027(540) OJH 22322 Books